000 00751nam a2200253u 4500
001 10297722
003 OSt
005 20140310182722.0
008 810604s1960 nyua 000 0 eng
010 _a 60001432
040 _aDLC
_cCarP
_dDLC
050 0 0 _aZ 49
_b.B658 1960
082 _aM 652.3
_bB62 1960
245 0 4 _aThe blue book of typing for beginners.
260 _aNew York,
_bRegents Publishing Company, Inc.,
_cc1960.
300 _a51 p.
_bill. ;
_c25 cm.
521 _aCollege Students
526 _c1210L-1700L
541 _j1
562 _eFor circulation. 1 copy available in the collection
650 0 _aTypewriting. [from old catalog]
906 _a0
_bcbc
_cpremunv
_du
_encip
_f19
_gy-gencatlg
942 _2lcc
_cBK
_kM
999 _c15360
_d15360